5HLuxD.jpg

KING HENRY VIII SENIOR AND PRIMARY SCHOOL LIBRARY OPAC

The kingdom over the sea / (Record no. 5856)

000 -LEADER
fixed length control field 01231cam a2200361 i 4500
001 - CONTROL NUMBER
control field 22964024
003 - CONTROL NUMBER IDENTIFIER
control field OSt
005 - DATE AND TIME OF LATEST TRANSACTION
control field 20251119085533.0
008 - FIXED-LENGTH DATA ELEMENTS--GENERAL INFORMATION
fixed length control field 230208s2023 nyuab c 000 1 eng
010 ## - LIBRARY OF CONGRESS CONTROL NUMBER
LC control number 2022038272
020 ## - INTERNATIONAL STANDARD BOOK NUMBER
International Standard Book Number 9781665931090
035 ## - SYSTEM CONTROL NUMBER
System control number 22964024
040 ## - CATALOGING SOURCE
Original cataloging agency DLC
Language of cataloging eng
Description conventions rda
Transcribing agency DLC
Modifying agency DLC
-- KH8
042 ## - AUTHENTICATION CODE
Authentication code pcc
-- lcac
082 ## - DEWEY DECIMAL CLASSIFICATION NUMBER
Classification number FIC NAB
100 1# - MAIN ENTRY--PERSONAL NAME
Personal name Nabi, Zohra,
Relator term author.
245 14 - TITLE STATEMENT
Title The kingdom over the sea /
Statement of responsibility, etc. Zohra Nabi.
250 ## - EDITION STATEMENT
Edition statement First edition.
264 #1 - PRODUCTION, PUBLICATION, DISTRIBUTION, MANUFACTURE, AND COPYRIGHT NOTICE
Place of production, publication, distribution, manufacture New York :
Name of producer, publisher, distributor, manufacturer Margaret K. McElderry Books,
Date of production, publication, distribution, manufacture, or copyright notice [2023]
300 ## - PHYSICAL DESCRIPTION
Extent 327 pages :
Other physical details illustrations, map ;
Dimensions 22 cm
336 ## - CONTENT TYPE
Content type term text
Content type code txt
Source rdacontent
337 ## - MEDIA TYPE
Media type term unmediated
Media type code n
Source rdamedia
338 ## - CARRIER TYPE
Carrier type term volume
Carrier type code nc
Source rdacarrier
520 ## - SUMMARY, ETC.
Summary, etc. When twelve-year-old Yara finds a strange set of instructions left behind by her deceased mother, she starts on a journey to discover the truth about her mother's past and her true identity.
521 ## - TARGET AUDIENCE NOTE
Target audience note Ages 8-12.
Source Margaret K. McElderry Books.
521 ## - TARGET AUDIENCE NOTE
Target audience note Grades 4-6.
Source Margaret K. McElderry Books.
650 #1 - SUBJECT ADDED ENTRY--TOPICAL TERM
Topical term or geographic name entry element Magic
Form subdivision Fiction.
650 #1 - SUBJECT ADDED ENTRY--TOPICAL TERM
Topical term or geographic name entry element Family secrets
Form subdivision Fiction.
650 #1 - SUBJECT ADDED ENTRY--TOPICAL TERM
Topical term or geographic name entry element Fantasy.
655 #7 - INDEX TERM--GENRE/FORM
Genre/form data or focus term Fantasy fiction.
Source of term lcgft
655 #7 - INDEX TERM--GENRE/FORM
Genre/form data or focus term Novels.
Source of term lcgft
942 ## - ADDED ENTRY ELEMENTS (KOHA)
Source of classification or shelving scheme
Koha item type Books - Fiction
Holdings
Withdrawn status Lost status Source of classification or shelving scheme Damaged status Not for loan Collection code Permanent Location Current Location Shelving location Date acquired Full call number Barcode Date last seen Price effective from Koha item type
          Fiction KH8 Senior School Library KH8 Senior School Library Fiction 2025-11-19 FIC NAB 3KHSL000102536 2025-11-19 2025-11-19 Books - Fiction

Powered By KH8 IT Dept